000 00523nam a2200181Ia 4500
008 240925s9999 xx 000 0 und d
020 _a130648841
082 _a005.133 ALU
100 _aAlur, Deepak
245 0 _aCore J2EE Patterns: best practices and design strategies
250 _aNA
260 _aNew Jersey:
_bPrintice- Hall Int.
_c,2001.
300 _axvi,710p.
_bNA
_fPirated
500 _aIncludes Index
600 _aComputer Science
650 _aComputer science, information & general works
942 _cBK
999 _c7931
_d7931